German Federal Presidents - Statistics

General Stats
  • This quiz has been taken 20 times
  • The average score is 9 of 12
Answer Stats
Year Answer % Correct
2017-2027 Frank-Walter Steinmeier
100%
1984-1994 Richard von Weizsäcker
92%
2010-2012 Christian Wulff
85%
2012-2017 Joachim Gauck
85%
1949-1959 Theodor Heuss
85%
2004-2010 Horst Köhler
77%
1999-2004 Johannes Rau
77%
1994-1999 Roman Herzog
69%
1974-1979 Walter Scheel
69%
1959-1969 Heinrich Lübke
62%
1969-1974 Gustav Heinemann
54%
1979-1984 Karl Carstens
46%
No matching quizzes found
Score Distribution
Percent of People with Each Score
Percentile by Number Answered
Your Score History
You have not taken this quiz